| 000 | 00404nam a2200133Ia 4500 | ||
|---|---|---|---|
| 005 | 20251222144653.0 | ||
| 008 | 251222s9999||||xx |||||||||||||| ||spa|| | ||
| 020 | _a9972-603-49-9 | ||
| 082 | _a362.585/V35 | ||
| 100 | _aVásquez Huamán, Enrique | ||
| 245 | 0 | _aLos Desafíos de la Lucha Contra la Pobreza Extrema en el Perú | |
| 264 | _bCentro de Investigación Universidad del Pacífico | ||
| 942 | _cLIB | ||
| 999 |
_c17152 _d17152 |
||